[Event "Moscow Open 2009 B"]
[Site "www.moscowchessopen.ru"]
[Date "2009.02.02"]
[Round "3.106"]
[White "Shilnikov, Igor S"]
[Black "Selensky, A"]
[Result "0-1"]
[WhiteElo "1963"]
[BlackElo "2146"]
[Annotator ""]
[Source ""]
[Remark ""]

1.d4 Nf6 2.Nf3 d5 3.c4 e6 4.Nc3 c6 5.cxd5 exd5 6.Bg5 h6 7.Bh4
Be7 8.e3 Bf5 9.Bd3 Ne4 10.Bxe7 Qxe7 11.Qc2 Nd7 12.h3 O-O 13.O-O
Bg6 14.a3 Rae8 15.Rae1 f5 16.Ne2 Bh7 17.Nh2 Kh8 18.f3 Nd6 19.Nc3
g5 20.Re2 Qg7 21.Rfe1 Nc4 22.Kh1 b5 23.a4 a6 24.b3 Nd6 25.axb5
axb5 26.Na2 Rc8 27.Qb2 Nf6 28.g3 f4 29.Bxh7 fxg3 30.Bd3 gxh2
31.Rxh2 Nh5 32.Qg2 Rce8 33.Re2 Qf7 34.f4 gxf4 35.Bg6 f3 36.Bxf7
fxg2+ 37.Rhxg2 Rxf7 38.Nb4 Ne4 39.Kh2 Re6 40.Nd3 Ng5 41.h4 Nf3+ 0-1

[Event "Moscow Open 2009 B"]
[Site "www.moscowchessopen.ru"]
[Date "2009.02.02"]
[Round "3.107"]
[White "Simkin, Alexander"]
[Black "Pranizin, Gennady"]
[Result "0-1"]
[WhiteElo "1957"]
[BlackElo "2145"]
[Annotator ""]
[Source ""]
[Remark ""]

1.e4 e5 2.Nf3 Nc6 3.Bb5 Nf6 4.O-O Nxe4 5.d4 Nd6 6.Bxc6 dxc6 7.dxe5
Nf5 8.Qxd8+ Kxd8 9.b3 a5 10.a4 h6 11.Bb2 Be6 12.Nbd2 b6 13.Rad1
Kc8 14.Nd4 Nxd4 15.Bxd4 Kb7 16.h3 Rd8 17.Ne4 Bb4 18.Ng3 g6 19.Be3
h5 20.Bg5 Rd5 21.c4 Rxd1 22.Rxd1 b5 23.Rc1 Re8 24.f4 Be7 25.Bxe7
Rxe7 26.Ne4 Kb6 27.Kf2 Rd7 28.Ke3 Rd8 29.Ng5 bxa4 30.bxa4 Kc5
31.Ne4+ Kb4 32.Nd2 Kxa4 33.Ra1+ Kb4 34.Rf1 Kc3 0-1

[Event "Moscow Open 2009 B"]
[Site "www.moscowchessopen.ru"]
[Date "2009.02.02"]
[Round "3.108"]
[White "Savitskiy, Sergey"]
[Black "Atababayev, Khalid"]
[Result "1/2-1/2"]
[WhiteElo "2143"]
[BlackElo "1961"]
[Annotator ""]
[Source ""]
[Remark ""]

1.e4 Nf6 2.Nc3 d5 3.e5 d4 4.exf6 dxc3 5.bxc3 gxf6 6.d4 c6 7.Nf3
Bg4 8.h3 Bh5 9.Bc4 e6 10.O-O Qa5 11.Bd2 Rg8 12.Kh1 Nd7 13.Rb1
O-O-O 14.Bd3 Bd6 15.c4 Bxf3 16.Qxf3 Qxd2 17.c5 Qf4 18.Qxc6+ bxc6
19.Ba6+ Kc7 20.Rb7+ 1/2-1/2

[Event "Moscow Open 2009 B"]
[Site "www.moscowchessopen.ru"]
[Date "2009.02.02"]
[Round "3.109"]
[White "Rabinovich, Anton"]
[Black "Fokin, Sergey"]
[Result "0-1"]
[WhiteElo "1956"]
[BlackElo "2142"]
[Annotator ""]
[Source ""]
[Remark ""]

1.c4 Nf6 2.Nc3 c5 3.Nf3 e6 4.d4 cxd4 5.Nxd4 a6 6.e4 Qc7 7.Be2
Bb4 8.f3 Nc6 9.Be3 Ne5 10.Qb3 Be7 11.Rc1 d6 12.O-O O-O 13.Qd1
Bd7 14.f4 Ng6 15.g4 h6 16.Qe1 Rfe8 17.g5 hxg5 18.fxg5 Nh7 19.Bh5
Bxg5 20.Bxg5 Nxg5 21.Bxg6 fxg6 22.Qg3 Qc5 23.Rcd1 Rf8 24.h4 Rxf1+
25.Kxf1 Qxc4+ 26.Kg2 Nf7 27.Qxg6 Ne5 28.Qg3 Rf8 29.Kh2 Rf7 30.h5
Qc5 31.Nce2 Nc4 32.Nf4 Qxh5+ 33.Kg2 Qxd1 34.Qg5 0-1

[Event "Moscow Open 2009 B"]
[Site "www.moscowchessopen.ru"]
[Date "2009.02.02"]
[Round "3.110"]
[White "Tobengauz, Pavel"]
[Black "Uteshev, Arsen"]
[Result "1-0"]
[WhiteElo "1955"]
[BlackElo "2141"]
[Annotator ""]
[Source ""]
[Remark ""]

1.e4 c5 2.c4 Nc6 3.Nc3 g6 4.g3 Bg7 5.Bg2 e6 6.Nge2 Nge7 7.O-O
O-O 8.a3 d6 9.Rb1 a5 10.b3 Nd4 11.Nxd4 cxd4 12.Ne2 d5 13.exd5
exd5 14.d3 Bg4 15.h3 Be6 16.Re1 Qd7 17.Nf4 Ra6 18.a4 dxc4 19.bxc4
Nc6 20.Nxe6 fxe6 21.Rxe6 Kh8 22.Qe2 Nb4 23.Re7 Qxa4 24.Rxg7 Kxg7
25.Qe7+ Rf7 26.Bh6+ Kxh6 27.Qxf7 Ra8 28.Re1 Nxd3 29.Re4 Qd1+
30.Kh2 Qd2 31.Rh4+ Kg5 32.Qe7+ Kf5 33.Be4# 1-0

[Event "Moscow Open 2009 B"]
[Site "www.moscowchessopen.ru"]
[Date "2009.02.02"]
[Round "3.111"]
[White "Shitov, Yaroslav"]
[Black "Khatnikov, Alexander"]
[Result "1-0"]
[WhiteElo "2137"]
[BlackElo "1958"]
[Annotator ""]
[Source ""]
[Remark ""]

1.e4 c6 2.d4 d5 3.exd5 cxd5 4.c4 Nf6 5.Nc3 e6 6.Nf3 Bb4 7.Bd2
O-O 8.a3 Bxc3 9.Bxc3 Ne4 10.Qc2 f5 11.Bd3 Nd7 12.O-O Ndf6 13.Ne5
Nh5 14.f3 Nxc3 15.Qxc3 Qh4 16.cxd5 exd5 17.Bc2 Be6 18.Qe3 f4
19.Qe1 Qf6 20.Qf2 g6 21.Rac1 Rfc8 22.Rfe1 Ng7 23.Qe2 Nf5 24.Bxf5
Bxf5 25.Qb5 Qb6 26.Qxd5+ Be6 27.Rxc8+ Rxc8 28.Qe4 Bf5 29.Qxf4
Qxb2 30.g4 Qc3 31.Rd1 Qc2 32.Qd2 Qxd2 33.Rxd2 Be6 34.d5 Bf7 35.d6
Be6 36.d7 Rd8 37.Rc2 Kf8 38.Rc7 Bd5 39.f4 Ke7 40.Kf2 a5 41.Ke3
Bc6 42.Rxc6 bxc6 43.Nxc6+ Kxd7 44.Nxd8 Kxd8 1-0

[Event "Moscow Open 2009 B"]
[Site "www.moscowchessopen.ru"]
[Date "2009.02.02"]
[Round "3.112"]
[White "Lisinov, Viacheslav"]
[Black "Staroselsky, Vladimir"]
[Result "1-0"]
[WhiteElo "2129"]
[BlackElo "1957"]
[Annotator ""]
[Source ""]
[Remark ""]

1.e4 c6 2.d4 d5 3.e5 Bf5 4.Nc3 e6 5.g4 Bg6 6.Nge2 Nd7 7.h4 h6
8.Nf4 Ne7 9.h5 Bh7 10.Bd3 Bxd3 11.Qxd3 Qb6 12.Be3 O-O-O 13.O-O
Kb8 14.a3 Nc8 15.b4 Qc7 16.Nd1 Ncb6 17.Nb2 Be7 18.Ne2 Qc8 19.f4
Rhg8 20.f5 exf5 21.gxf5 Bg5 22.Bf4 Ka8 23.Rae1 Nf8 24.Ng3 g6
25.e6 fxe6 26.fxg6 Bf6 1-0

[Event "Moscow Open 2009 B"]
[Site "www.moscowchessopen.ru"]
[Date "2009.02.02"]
[Round "3.113"]
[White "Semenov, Viktor"]
[Black "Mihnenko, Nikita"]
[Result "1-0"]
[WhiteElo "2126"]
[BlackElo "1955"]
[Annotator ""]
[Source ""]
[Remark ""]

1.Nf3 d5 2.c4 c6 3.b3 Nf6 4.Bb2 Bf5 5.g3 e6 6.Bg2 Bd6 7.O-O O-O
8.d3 Qe7 9.Nbd2 Ba3 10.Qc1 Bxb2 11.Qxb2 Nbd7 12.h3 e5 13.Nh4
Bg6 14.Nxg6 hxg6 15.cxd5 Nxd5 16.Rac1 N7b6 17.Nc4 f6 18.Qd2 Rfc8
19.a3 Nc7 20.Qa2 Nb5 21.a4 Nd4 22.e3 Ne6 23.b4 Kh8 24.b5 Nc5
25.bxc6 bxc6 26.Qa3 Rc7 27.a5 Nd5 28.Nxe5 Qxe5 29.Rxc5 Qd6 30.e4
Ne7 31.Rh5+ 1-0

[Event "Moscow Open 2009 B"]
[Site "www.moscowchessopen.ru"]
[Date "2009.02.02"]
[Round "3.114"]
[White "Radivilov, Igor"]
[Black "Litvinov, Viktor"]
[Result "1/2-1/2"]
[WhiteElo "1947"]
[BlackElo "2125"]
[Annotator ""]
[Source ""]
[Remark ""]

1.Nf3 c5 2.b3 e6 3.Bb2 Nf6 4.e3 d5 5.Ne5 Bd6 6.Bb5+ Nbd7 7.f4
O-O 8.O-O a6 9.Bxd7 Nxd7 10.Nf3 Qe7 11.Nc3 b5 12.Ne2 f6 13.Ng3
Nb6 14.Qe2 e5 15.fxe5 fxe5 16.e4 d4 17.d3 Be6 18.Bc1 h6 19.Bd2
c4 20.Ba5 Nd7 21.dxc4 bxc4 22.Nd2 cxb3 23.cxb3 Bc5 24.Kh1 Bb6
25.Bxb6 Nxb6 26.Rxf8+ Rxf8 27.Rf1 Rxf1+ 28.Qxf1 Qa3 29.Qb1 Qb4
30.Qd3 Qc3 31.Qe2 Qa1+ 32.Ndf1 Bc8 33.h3 Qc3 34.Qh5 Qc7 35.Qe8+
Kh7 36.Nf5 Bxf5 37.exf5 Qd6 38.Nd2 Nd7 39.Qe6 Qxe6 40.fxe6 Nf6
41.Nf1 1/2-1/2

[Event "Moscow Open 2009 B"]
[Site "www.moscowchessopen.ru"]
[Date "2009.02.02"]
[Round "3.115"]
[White "Kapov, Adam"]
[Black "Muhtarov, Leonid"]
[Result "0-1"]
[WhiteElo "1927"]
[BlackElo "2124"]
[Annotator ""]
[Source ""]
[Remark ""]

1.e4 c5 2.c3 d5 3.exd5 Qxd5 4.d4 e6 5.Nf3 Nf6 6.Bd3 cxd4 7.cxd4
Be7 8.Nc3 Qd6 9.O-O Nc6 10.Re1 O-O 11.Nb5 Qd8 12.Be3 b6 13.Rc1
Bb7 14.a3 Rc8 15.Nc3 h6 16.h3 Bd6 17.Ne4 Nd5 18.Qd2 Nxe3 19.Qxe3
Bb8 20.Bb1 Re8 21.Qd3 g6 22.Ba2 Kg7 23.Rc3 Ne7 24.Rxc8 Bxc8 25.Nc3
Bb7 26.d5 Nf5 27.Nd4 Nxd4 28.Qxd4+ e5 29.Qe4 f5 30.Qc4 Qf6 31.Qb5
Rd8 32.Rd1 a6 33.Qb3 Qd6 34.Ne2 Kh7 35.Qd3 e4 36.Qg3 Qxg3 37.Nxg3
Kg7 38.Ne2 Kf6 39.Nc3 b5 40.Kf1 Ke5 41.Ke2 Ba7 42.g3 Bd4 43.f4+
exf3+ 44.Kxf3 Bxc3 45.bxc3 Bxd5+ 46.Bxd5 Rxd5 47.Re1+ Kf6 48.Re3
Rc5 49.Rd3 Ke5 50.Re3+ Kf6 51.Rd3 Ke6 52.Re3+ Re5 53.Rd3 g5 54.Rd4
Rc5 55.Rd3 h5 56.Re3+ Re5 57.Rd3 Re4 58.Rd2 g4+ 59.hxg4 hxg4+
60.Kf2 Ke5 61.Rd8 Rc4 62.Re8+ Kf6 63.Ra8 Ra4 64.Rf8+ Ke6 65.Re8+
Kf7 66.Re5 Rxa3 67.Rxf5+ Kg6 68.Rc5 Rb3 0-1

[Event "Moscow Open 2009 B"]
[Site "www.moscowchessopen.ru"]
[Date "2009.02.02"]
[Round "3.116"]
[White "Pristalov, Evgeny"]
[Black "Antonov, Alexandr"]
[Result "1-0"]
[WhiteElo "1905"]
[BlackElo "2121"]
[Annotator ""]
[Source ""]
[Remark ""]

1.e4 c5 2.Nf3 d6 3.c3 Nf6 4.Be2 Bd7 5.d3 Nc6 6.O-O e6 7.h3 Be7
8.Be3 O-O 9.Nbd2 d5 10.e5 Ne8 11.d4 cxd4 12.cxd4 f6 13.Nb3 fxe5
14.dxe5 Rc8 15.Nbd4 Nxd4 16.Nxd4 Bc5 17.Bg4 Qb6 18.Rc1 Nc7 19.Rxc5
Qxc5 20.Nxe6 Qc4 21.Nxf8 Bxg4 22.Qxg4 Qxg4 23.hxg4 Rxf8 24.Bxa7
Ra8 25.Bb6 Ne6 26.a3 Ra6 27.Be3 d4 28.Bd2 Rb6 29.Bb4 Rc6 30.f4
Rc2 31.f5 Nc7 32.Rd1 Nb5 33.Rd2 Rxd2 34.Bxd2 1-0

[Event "Moscow Open 2009 B"]
[Site "www.moscowchessopen.ru"]
[Date "2009.02.02"]
[Round "3.117"]
[White "Tangatarov, Timur"]
[Black "Buzukashvili, Sofia"]
[Result "1-0"]
[WhiteElo "2121"]
[BlackElo "1954"]
[Annotator ""]
[Source ""]
[Remark ""]

1.e4 c5 2.Nf3 d6 3.d4 cxd4 4.Nxd4 Nf6 5.Nc3 e6 6.g4 h6 7.h4 Be7
8.Rg1 g6 9.g5 hxg5 10.hxg5 Nfd7 11.Be3 Nc6 12.Qd2 a6 13.O-O-O
Qc7 14.f4 Nc5 15.f5 b5 16.fxg6 fxg6 17.Nxc6 Qxc6 18.Bd4 Rg8 19.Qh2
Bb7 20.Qh7 Kd7 21.Bf6 Rge8 22.Nd5 exd5 23.exd5 Qc7 24.Bh3+ Kd8
25.Rge1 1-0

[Event "Moscow Open 2009 B"]
[Site "www.moscowchessopen.ru"]
[Date "2009.02.02"]
[Round "3.118"]
[White "Glushkov, Lev"]
[Black "Aliekhin, Vladislav"]
[Result "1-0"]
[WhiteElo "1897"]
[BlackElo "2120"]
[Annotator ""]
[Source ""]
[Remark ""]

1.e4 d6 2.d4 e5 3.c3 Nc6 4.Bb5 Bd7 5.f4 exf4 6.Bxf4 Be7 7.Nf3
Nf6 8.Nbd2 O-O 9.O-O Qe8 10.Bd3 Bg4 11.Qc2 h6 12.Rae1 Qd7 13.h3
Bh5 14.e5 Nd5 15.Bh2 Bxf3 16.Nxf3 dxe5 17.Nxe5 Nxe5 18.Bxe5 Bd6
19.Bf5 Qd8 20.Qb3 Bxe5 21.Rxe5 c6 22.Qxb7 Qd6 23.Qd7 Rfd8 24.Qxd6
Rxd6 25.Rfe1 Kf8 26.Bc2 g5 27.Bb3 Nf4 28.Re7 Ne6 29.Bxe6 fxe6
30.Rh7 Kg8 31.Rxh6 Kf7 32.Rh7+ Kg6 33.Rb7 a5 34.Re5 a4 35.Rc5
Rf8 36.Rb6 Rc8 37.b3 axb3 38.axb3 Kh5 39.Kh2 Kh4 40.b4 1-0

[Event "Moscow Open 2009 B"]
[Site "www.moscowchessopen.ru"]
[Date "2009.02.02"]
[Round "3.119"]
[White "Leonov, Dmitry"]
[Black "Gaboev, Batraz"]
[Result "0-1"]
[WhiteElo "1892"]
[BlackElo "2120"]
[Annotator ""]
[Source ""]
[Remark ""]

1.d4 Nf6 2.Bg5 e6 3.e4 h6 4.Bxf6 Qxf6 5.Nf3 d6 6.Nc3 a6 7.Be2
g5 8.h3 Bg7 9.Qd2 Nd7 10.O-O-O Nb6 11.g3 Bd7 12.Qe3 O-O-O 13.e5
Qe7 14.d5 exd5 15.Nxd5 Nxd5 16.Rxd5 Bc6 17.Ra5 dxe5 18.Nxe5 Bxh1
19.Bg4+ Kb8 20.Nc6+ Bxc6 21.Qxe7 Rhe8 22.Qb4 Re4 23.c4 0-1

[Event "Moscow Open 2009 B"]
[Site "www.moscowchessopen.ru"]
[Date "2009.02.02"]
[Round "3.120"]
[White "Babkin, Ivan"]
[Black "Saraev, Anton"]
[Result "0-1"]
[WhiteElo "1890"]
[BlackElo "2119"]
[Annotator ""]
[Source ""]
[Remark ""]

1.d4 Nf6 2.Nc3 d5 3.Bg5 Bf5 4.f3 Nbd7 5.e3 c6 6.Bd3 Bxd3 7.Qxd3
Qb6 8.Rb1 e5 9.dxe5 Nxe5 10.Qd4 Ned7 11.Qxb6 axb6 12.Nge2 g6
13.O-O Bg7 14.Nd4 O-O 15.Rfe1 Rfe8 16.Rbd1 h6 17.Bh4 b5 18.a3
Ne5 19.Bf2 Nc4 20.Rb1 Re7 21.Nd1 Rae8 22.c3 Kh7 23.Re2 Nd7 24.Bh4
g5 25.Bf2 Kg6 26.h4 Nf6 27.g4 gxh4 28.Nf5 Re6 29.Bxh4 h5 30.Nd4
Re5 31.Bg3 R5e7 32.Nf5 Rd7 33.Nxg7 Kxg7 34.g5 Nh7 35.f4 Nd6 36.Kf2
f6 37.gxf6+ Nxf6 38.Kf3 Nf5 39.Be1 Rde7 40.b3 Kf7 41.Rbb2 Ng4
42.Bf2 Rg8 43.Re1 d4 44.Bg1 dxe3 45.Nxe3 Ngxe3 46.Bxe3 Rg3+ 0-1

[Event "Moscow Open 2009 B"]
[Site "www.moscowchessopen.ru"]
[Date "2009.02.02"]
[Round "3.121"]
[White "Sadikhov, Ulvi Ramil Oglu"]
[Black "Adamson, Garry"]
[Result "1-0"]
[WhiteElo "1885"]
[BlackElo "2115"]
[Annotator ""]
[Source ""]
[Remark ""]

1.e4 c5 2.Nf3 Nc6 3.d4 cxd4 4.Nxd4 Nf6 5.Nc3 d6 6.Bg5 e6 7.Qd2
Be7 8.O-O-O a6 9.f4 Bd7 10.Be2 h6 11.Bh4 Qc7 12.Bf3 Rc8 13.Nb3
b5 14.Bf2 b4 15.Ne2 a5 16.Nbd4 Nxd4 17.Nxd4 e5 18.fxe5 dxe5 19.Nf5
Bxf5 20.exf5 O-O 21.Rhe1 Qc4 22.b3 Qb5 23.Qd3 Qxd3 24.Rxd3 Bc5
25.Bg3 e4 26.Bxe4 Rfe8 27.Bf3 Rxe1+ 28.Bxe1 Bg1 29.h3 Rc5 30.g4
Bh2 31.Bf2 Bf4+ 32.Kd1 Rc8 33.Bb6 Bc7 34.Bb7 Rb8 35.Bxc7 Rxb7
36.Bxa5 Ne4 37.Kc1 Rb5 38.Bc7 h5 39.Kb2 Nf2 40.Rd4 Rb7 41.Ba5 1-0

[Event "Moscow Open 2009 B"]
[Site "www.moscowchessopen.ru"]
[Date "2009.02.02"]
[Round "3.122"]
[White "Gaponenko, Leonid"]
[Black "Nepomnin, Vladilen"]
[Result "1-0"]
[WhiteElo "2115"]
[BlackElo "1888"]
[Annotator ""]
[Source ""]
[Remark ""]

1.d4 d5 2.c4 e6 3.g3 Nd7 4.Bg2 c6 5.Qc2 Ngf6 6.Nf3 Be7 7.O-O
O-O 8.b3 b6 9.Rd1 Bb7 10.Nbd2 Rc8 11.Bb2 c5 12.e3 h6 13.Rac1
Qc7 14.Qb1 Qb8 15.cxd5 Bxd5 16.e4 Bb7 17.e5 Nh7 18.h4 Qa8 19.Nf1
f5 1-0

[Event "Moscow Open 2009 B"]
[Site "www.moscowchessopen.ru"]
[Date "2009.02.02"]
[Round "3.123"]
[White "Tamarovskiy, Andrey"]
[Black "Vetryansky, Vladimir"]
[Result "0-1"]
[WhiteElo "1883"]
[BlackElo "2114"]
[Annotator ""]
[Source ""]
[Remark ""]

1.e4 c6 2.d4 d5 3.exd5 cxd5 4.Bd3 Nc6 5.c3 Nf6 6.Bf4 Bg4 7.Ne2
e6 8.O-O Be7 9.Qc2 Rc8 10.f3 Bh5 11.Nd2 O-O 12.a3 Qb6 13.Be5
Nxe5 14.Nf4 Nxd3 15.Qxd3 Bg6 16.Qe2 Bd6 17.Nxg6 hxg6 18.b3 Qc7
19.c4 Bxh2+ 20.Kf2 Bf4 21.Qd3 Bxd2 22.Qxd2 dxc4 23.Rh1 Nh5 24.g4
Qg3+ 25.Ke3 Qf4+ 0-1

[Event "Moscow Open 2009 B"]
[Site "www.moscowchessopen.ru"]
[Date "2009.02.02"]
[Round "3.124"]
[White "Rasstriguine, Andrei"]
[Black "Nizhegorodtsev, Dmitry"]
[Result "1-0"]
[WhiteElo "2111"]
[BlackElo "1879"]
[Annotator ""]
[Source ""]
[Remark ""]

1.Nf3 d5 2.d4 Nf6 3.c4 c6 4.Nc3 Bf5 5.e3 e6 6.Qb3 Qb6 7.c5 Qc7
8.Nh4 Bg6 9.f4 Be7 10.Nxg6 hxg6 11.Bd2 Nbd7 12.Qc2 Ng4 13.Be2
Bh4+ 14.Kf1 Nh6 15.g3 Be7 16.Kf2 g5 17.fxg5 Bxg5 18.e4 Bxd2 19.Qxd2
dxe4 20.Nxe4 O-O-O 21.Nd6+ Kb8 22.Rac1 Nf6 23.Kg2 Nf5 24.Nxf5
exf5 25.Rhf1 g6 26.b4 Qd7 27.Rcd1 Nd5 28.Kg1 f4 29.Rxf4 Nxf4
30.Qxf4+ Qc7 31.Qf2 Rhe8 32.Bc4 f5 33.b5 Qe7 34.bxc6 Qe3 35.Rb1
b6 36.Bf7 Qxf2+ 37.Kxf2 Re7 38.Bxg6 Kc7 39.Bxf5 Rxd4 40.cxb6+
axb6 41.g4 Rd2+ 42.Kg3 Rxa2 43.h4 Kxc6 44.h5 Ra3+ 45.Kh4 Ra4
46.h6 Kd5 47.Rxb6 Ke5 48.Kg5 Ra2 49.Rb5+ Kd6 50.Rb8 Raa7 51.Rf8
Ke5 52.h7 Rxh7 53.Bxh7 Rxh7 54.Re8+ Kd6 55.Kg6 Rh1 56.g5 Rg1 1-0

[Event "Moscow Open 2009 B"]
[Site "www.moscowchessopen.ru"]
[Date "2009.02.02"]
[Round "3.125"]
[White "Alieva, Nurlana"]
[Black "Voronkov, Leonid"]
[Result "0-1"]
[WhiteElo "1874"]
[BlackElo "2109"]
[Annotator ""]
[Source ""]
[Remark ""]

1.e4 e6 2.Nc3 d5 3.Nf3 d4 4.Ne2 Nc6 5.Ng3 e5 6.Bb5 Bd6 7.d3 Nge7
8.O-O h5 9.Nh4 Bg4 10.f3 Be6 11.f4 exf4 12.Bxf4 Bxf4 13.Rxf4
g5 14.Rf2 gxh4 15.Nxh5 Qd6 16.Nf6+ Kd8 17.c3 Ne5 18.Rc1 c6 19.Ba4
Ng8 20.Nxg8 Ng4 21.Rf3 Qxh2+ 22.Kf1 Qh1+ 0-1

[Event "Moscow Open 2009 B"]
[Site "www.moscowchessopen.ru"]
[Date "2009.02.02"]
[Round "3.126"]
[White "Basencyan, Mark"]
[Black "Dudkin, Maxim"]
[Result "1-0"]
[WhiteElo "1848"]
[BlackElo "2104"]
[Annotator ""]
[Source ""]
[Remark ""]

1.d4 Nf6 2.c4 d6 3.Nf3 Nbd7 4.Nc3 e5 5.e4 Be7 6.Be2 O-O 7.O-O
c6 8.Qc2 Qc7 9.Re1 Re8 10.Be3 Ng4 11.Bd2 Bf6 12.d5 Be7 13.b4
c5 14.a3 b6 15.Rec1 Nf8 16.Nb5 Qd8 17.bxc5 bxc5 18.h3 Nf6 19.Bd3
Bd7 20.Rab1 a6 21.Nc3 Qc7 22.Rb2 Reb8 23.Rcb1 Bd8 24.Na4 Qa7
25.Nc3 Rxb2 26.Qxb2 Bc7 27.Qb7 Qxb7 28.Rxb7 Ne8 29.Bc2 Rb8 30.Rxb8
Bxb8 31.a4 Bc7 32.Nd1 f6 33.Nh4 Bd8 34.Nf5 g6 35.Nfe3 Kg7 36.Nc3
Kf7 37.a5 Ng7 38.g4 h5 39.Na4 Nh7 40.Nb6 Ke7 41.Nxd7 Kxd7 42.Ba4+
Kc8 43.Kg2 Ng5 44.f3 Nf7 45.h4 Be7 46.Kg3 Kd8 47.Bc6 Kc7 48.Ba4
Kb7 49.Kh3 Bf8 50.Bd1 Kc7 1-0

[Event "Moscow Open 2009 B"]
[Site "www.moscowchessopen.ru"]
[Date "2009.02.02"]
[Round "3.127"]
[White "Smotriakov, Arkady"]
[Black "Matyushin, Lev"]
[Result "1-0"]
[WhiteElo "2101"]
[BlackElo "1865"]
[Annotator ""]
[Source ""]
[Remark ""]

1.d4 d5 2.Nf3 Nf6 3.c4 c6 4.Nc3 Nbd7 5.g3 e6 6.Bg2 Bd6 7.O-O
O-O 8.Qc2 Re8 9.Rd1 dxc4 10.a4 Qc7 11.e4 e5 12.d5 a6 13.h3 Rb8
14.Be3 b5 15.dxc6 Nc5 16.axb5 axb5 17.Nd5 Qxc6 18.Nxf6+ gxf6
19.Nh4 Bf8 20.Rac1 Bb7 21.Bxc5 Bxc5 22.Qe2 Kh8 23.Qh5 Qe6 24.Rd5
Rbc8 25.Rcd1 Rf8 26.Nf5 b4 27.Qh6 Rg8 28.Rxc5 Rxc5 29.Rd6 Rcc8
30.Rxe6 Rg6 31.Qc1 fxe6 32.Ne7 1-0

[Event "Moscow Open 2009 B"]
[Site "www.moscowchessopen.ru"]
[Date "2009.02.02"]
[Round "3.128"]
[White "Parakhoni, Anna"]
[Black "Tappyrov, Maksim"]
[Result "0-1"]
[WhiteElo "1793"]
[BlackElo "2101"]
[Annotator ""]
[Source ""]
[Remark ""]

1.e4 c5 2.Nf3 d6 3.d4 cxd4 4.Nxd4 e6 5.Nc3 Be7 6.Be3 Nf6 7.f3
a6 8.Qd2 b5 9.O-O-O Bb7 10.g4 Nc6 11.h4 Rc8 12.Kb1 Ne5 13.Rh3
Nc4 14.Bxc4 Rxc4 15.h5 b4 16.Nce2 d5 17.e5 Nd7 18.f4 Nc5 19.Ng3
Ne4 20.Nxe4 dxe4 21.Qe2 Bd5 22.f5 Qc7 23.fxe6 fxe6 24.Bf4 O-O
25.Bh2 Bc5 26.Bg1 Qb6 27.Qd2 Bxd4 28.Bxd4 Rxd4 29.Qxd4 Qxd4 0-1

[Event "Moscow Open 2009 B"]
[Site "www.moscowchessopen.ru"]
[Date "2009.02.02"]
[Round "3.129"]
[White "Ustinov, Alexey"]
[Black "Kovalev, Evgeny I"]
[Result "1-0"]
[WhiteElo "2099"]
[BlackElo "1832"]
[Annotator ""]
[Source ""]
[Remark ""]

1.d4 Nf6 2.Nf3 g6 3.Bf4 Bg7 4.h3 d5 5.e3 c5 6.c3 Nbd7 7.Nbd2
O-O 8.Bd3 b6 9.O-O Bb7 10.Qe2 Ne4 11.Rfd1 f6 12.Nxe4 dxe4 13.Bc4+
Kh8 14.Ne1 e5 15.dxe5 fxe5 16.Bg3 Qe7 17.Qg4 Rad8 18.Bb5 Nf6
19.Qe2 Nh5 20.Bh2 Qg5 21.Rxd8 Rxd8 22.Rd1 Rf8 23.Ba6 Bxa6 24.Qxa6
Qf6 25.Rd2 Bh6 26.Nc2 Rf7 27.Qc8+ Kg7 28.Qb8 Nf4 29.exf4 exf4
30.Rd8 Bg5 31.Rd5 Re7 32.Qd6 Re6 33.Qc7+ Re7 34.Rd7 Rxd7 35.Qxd7+
Kh6 36.Qc7 e3 37.h4 exf2+ 38.Kf1 f3 39.hxg5+ Qxg5 40.Qg3 Qc1+
41.Kxf2 Qxc2+ 42.Kxf3 Qd3+ 43.Kf2 Qd2+ 44.Kf1 Qc1+ 45.Qe1 Qxb2
46.Qh4+ Kg7 1-0

[Event "Moscow Open 2009 B"]
[Site "www.moscowchessopen.ru"]
[Date "2009.02.02"]
[Round "3.130"]
[White "Repkin, Alexander"]
[Black "Shabanov, Nurlan Mammad Oglu"]
[Result "1/2-1/2"]
[WhiteElo "2098"]
[BlackElo "1825"]
[Annotator ""]
[Source ""]
[Remark ""]

1.e4 c5 2.Nf3 Nc6 3.d3 d6 4.Nbd2 g6 5.g3 Bg7 6.Bg2 Nf6 7.O-O
O-O 8.h3 Bd7 9.Ne1 Rc8 10.f4 b5 11.g4 Ne8 12.Nef3 e6 13.Re1 f5
14.exf5 exf5 15.g5 Nc7 16.h4 Re8 17.h5 Rxe1+ 18.Nxe1 Qe7 19.Nf1
Re8 20.Nf3 Nd4 21.h6 Bh8 22.c3 Ne2+ 23.Kf2 Nd5 24.Qb3 Be6 25.Qxb5
Nxc1 26.Rxc1 Nxf4 27.Re1 c4 28.Kg3 Nxd3 29.Re2 Ne5 30.N1d2 Bd7
31.Qd5+ Be6 32.Qb5 Qd7 33.Nd4 f4+ 34.Kh2 f3 35.N2xf3 1/2-1/2

[Event "Moscow Open 2009 B"]
[Site "www.moscowchessopen.ru"]
[Date "2009.02.02"]
[Round "3.131"]
[White "Zaitsev, Vladimir"]
[Black "Samatov, Anatolij"]
[Result "0-1"]
[WhiteElo "1780"]
[BlackElo "2098"]
[Annotator ""]
[Source ""]
[Remark ""]

1.c4 c5 2.Nc3 Nf6 3.d4 cxd4 4.Qxd4 Nc6 5.Qd1 b6 6.e4 d6 7.Nge2
Bb7 8.Nd5 Nxe4 9.Be3 e6 10.Ndf4 Be7 11.f3 Nf6 12.Nc3 O-O 13.Be2
Rc8 14.b3 Re8 15.O-O a6 16.Qe1 Ne5 17.Qf2 Ned7 18.Na4 Nc5 19.Nxb6
Qxb6 20.b4 Qxb4 21.Rfb1 Qa4 22.Bxc5 Bxf3 23.Bxd6 Bxd6 24.Qxf3
Be5 25.Bd1 Qxc4 0-1

[Event "Moscow Open 2009 B"]
[Site "www.moscowchessopen.ru"]
[Date "2009.02.02"]
[Round "3.132"]
[White "Zhuravliev, Vladilen"]
[Black "Komov, Sergey"]
[Result "1-0"]
[WhiteElo "2097"]
[BlackElo "1809"]
[Annotator ""]
[Source ""]
[Remark ""]

1.Nf3 d5 2.b3 Nc6 3.e3 Nf6 4.Bb5 Bd7 5.Bxc6 Bxc6 6.Ne5 Bb5 7.Bb2
e6 8.d3 Be7 9.Nd2 O-O 10.O-O Nd7 11.f4 c5 12.c4 Ba6 13.Ndf3 Rc8
14.Qe2 Nb8 15.Rad1 f6 16.Ng4 Nc6 17.Qe1 Rc7 18.Nf2 Rd7 19.Qc3
d4 20.Qe1 Qb6 21.exd4 Nxd4 22.Nxd4 cxd4 23.Qe2 Bb4 24.a3 Bc3
25.Qc2 Bxb2 26.Qxb2 Qc6 27.Qe2 Re8 28.b4 b5 29.c5 Bb7 30.Ne4
Rf8 31.Rde1 Re7 32.Rf2 a6 33.Nd6 Ba8 34.Qb2 e5 35.fxe5 Qd5 36.Re4
Rxe5 37.Rxe5 fxe5 38.Rxf8+ Kxf8 39.Qf2+ 1-0

[Event "Moscow Open 2009 B"]
[Site "www.moscowchessopen.ru"]
[Date "2009.02.02"]
[Round "3.133"]
[White "Litvinov, Konstantin"]
[Black "Andreev, Gennadiy"]
[Result "0-1"]
[WhiteElo "1768"]
[BlackElo "2095"]
[Annotator ""]
[Source ""]
[Remark ""]

1.d4 d5 2.c4 c6 3.Nf3 e6 4.cxd5 exd5 5.Nc3 Bf5 6.Bg5 Be7 7.Bf4
Nd7 8.e3 Ngf6 9.Be2 Ne4 10.O-O g5 11.Be5 f6 12.Bg3 h5 13.h4 Nxg3
14.fxg3 Bg6 15.Bd3 f5 16.Qc2 Rf8 17.Ne5 Nxe5 18.dxe5 Qd7 19.Ne2
c5 20.b3 b5 21.Qb1 a6 22.hxg5 Bxg5 23.Nf4 Bxf4 24.gxf4 c4 25.bxc4
bxc4 26.Be2 Qa7 27.Rf3 h4 28.Rh3 Qe7 29.Qb6 Kf7 30.Bf3 Rfd8 31.Rd1
Rac8 32.Qxa6 c3 33.Qd3 c2 34.Rc1 Qc5 35.Qb3 0-1

[Event "Moscow Open 2009 B"]
[Site "www.moscowchessopen.ru"]
[Date "2009.02.02"]
[Round "3.134"]
[White "Kagner, Roman"]
[Black "Lagashin, Pavel"]
[Result "0-1"]
[WhiteElo "1737"]
[BlackElo "2095"]
[Annotator ""]
[Source ""]
[Remark ""]

1.e4 e5 2.Nf3 Nf6 3.Nxe5 d6 4.Nf3 Nxe4 5.d4 d5 6.Bd3 Nc6 7.O-O
Be7 8.Re1 Bg4 9.c3 f5 10.Nbd2 O-O 11.Qb3 Kh8 12.Qxb7 Rf6 13.Qb3
Rb8 14.Qc2 Rg6 15.Be2 Bh4 16.Nxh4 Qxh4 17.Nxe4 fxe4 18.Bxg4 Qxg4
19.g3 Ne7 20.Qe2 Qh3 21.Qf1 Qh4 22.Qg2 Qh5 23.b3 Nf5 24.Kf1 Rf8
25.Bf4 Rgf6 26.Rac1 e3 27.g4 Qh4 28.Be5 exf2 29.Re2 Qg5 30.Bxf6
Qxc1+ 31.Kxf2 Nh4 32.Qxd5 Rxf6+ 33.Kg3 Qf4+ 34.Kxh4 Rh6+ 35.Qh5
Rxh5+ 36.Kxh5 Qh6# 0-1

[Event "Moscow Open 2009 B"]
[Site "www.moscowchessopen.ru"]
[Date "2009.02.02"]
[Round "3.135"]
[White "Mazurov, Arslan"]
[Black "Gorshkov, Anatoly"]
[Result "1/2-1/2"]
[WhiteElo "1553"]
[BlackElo "2093"]
[Annotator ""]
[Source ""]
[Remark ""]

1.e4 d6 2.d4 Nf6 3.Bd3 c6 4.c3 Qc7 5.f4 g6 6.Nf3 Bg7 7.O-O Bg4
8.h3 Bc8 9.e5 Ng8 10.Qc2 e6 11.Nbd2 d5 12.c4 Ne7 13.a3 a5 14.cxd5
exd5 15.Nb1 Qb6 16.Be3 Na6 17.Nc3 Nc7 18.g4 h5 19.f5 hxg4 20.hxg4
gxf5 21.gxf5 Bh6 22.Bxh6 Rxh6 23.Kf2 Bd7 24.Rh1 Rxh1 25.Rxh1
O-O-O 26.Rh7 c5 27.e6 Nxe6 28.fxe6 Qxe6 29.Ne2 c4 30.b3 b5 31.bxc4
bxc4 32.Qc3 Nc6 33.Bc2 Qf6 34.Ba4 Bf5 35.Bxc6 Bxh7 36.Bb5 Be4
37.Neg1 Qb6 38.a4 Rg8 39.Qd2 Qc7 40.Qh6 c3 41.Qa6+ Qb7 42.Qd6
Rd8 43.Qf6 Qc7 1/2-1/2

[Event "Moscow Open 2009 B"]
[Site "www.moscowchessopen.ru"]
[Date "2009.02.02"]
[Round "3.137"]
[White "Andronov, Ilya"]
[Black "Raondi, Yan-Martin"]
[Result "1-0"]
[WhiteElo "2091"]
[BlackElo "1702"]
[Annotator ""]
[Source ""]
[Remark ""]

1.e4 c5 2.Nf3 Nc6 3.d4 cxd4 4.Nxd4 Nf6 5.Nc3 d6 6.Bc4 e6 7.Bb3
a6 8.Be3 Be7 9.O-O O-O 10.f4 Qc7 11.f5 e5 12.Nde2 b5 13.Ng3 Bb7
14.Nd5 Nxd5 15.Bxd5 Nb4 16.Bxb7 Qxb7 17.f6 Bxf6 18.Rxf6 Rac8
19.Rf2 d5 20.c3 Nc6 21.Qxd5 Rcd8 22.Qb3 Rd3 23.Bc5 Rfd8 24.Raf1
R8d7 25.Qe6 Re7 1-0